000
00278nam a2200109Ia 4500
008
220204s9999 xx 000 0 und d
082
_a
678:66
_b
DEV.1;1
245
0
_a
Developments in polymerization. V 1
260
_a
London
_b
Applied Science
_c
1979
700
_a
R N
942
_c
BK
999
_c
36574
_d
36574